Biddings at New House estate by ticket (Record no. 116594)

MARC details
000 -LEADER
fixed length control field 00611ctm a22001935a 4500
001 - CONTROL NUMBER
control field L141106
008 - FIXED-LENGTH DATA ELEMENTS--GENERAL INFORMATION
fixed length control field 071029s1805 xxk eng u
035 ## - SYSTEM CONTROL NUMBER
System control number (Sirsi) u141106
041 0# - LANGUAGE CODE
Language code of text/sound track or separate title eng
245 00 - TITLE STATEMENT
Title Biddings at New House estate by ticket
Remainder of title Waddington 25th Novr. 1805
Medium [manuscript]
260 ## - PUBLICATION, DISTRIBUTION, ETC.
Date of publication, distribution, etc. 1805
300 ## - PHYSICAL DESCRIPTION
Extent 2 leaves
Dimensions 32 x 19 cm.
340 ## - PHYSICAL MEDIUM
Material base and configuration Ink on paper
351 ## - ORGANIZATION AND ARRANGEMENT OF MATERIALS
Hierarchical level Single item
500 ## - GENERAL NOTE
General note Item contains list of lots, bidders and amounts paid.
651 4# - SUBJECT ADDED ENTRY--GEOGRAPHIC NAME
Geographic name United Kingdom
Chronological subdivision
690 ## - LOCAL SUBJECT ADDED ENTRY--TOPICAL TERM (OCLC, RLIN)
Topical term or geographic name as entry element PROPERTY-PROPERTY ACQUISITION AND DISPOSAL-ACQUISITION AND DISPOSAL AT AUCTION
942 ## - ADDED ENTRY ELEMENTS (KOHA)
Suppress in OPAC 0
Holdings
Withdrawn status Lost status Source of classification or shelving scheme Damaged status Not for loan Home library Current library Shelving location Date acquired Total Checkouts Full call number Barcode Date last seen Copy number Price effective from Koha item type
    Dewey Decimal Classification     London London Basement 29/10/2007   BASEMENT BOX 4 141106-1001 06/08/2019 1 06/08/2019 Archive